000 00424nam a2200121 4500
999 _c14082
_d14082
008 190731b ||||| |||| 00| 0 eng d
100 _939099
_aDe Vera-Ruiz, Ellalyn
245 _aEarth day is time to think of little things to make worlds a better place- Cimatu/
_cEllayn De Vera-Ruiz
260 _aPhilippines:
_bManila Bulletin;
_cc2019.
300 _apage 2.
650 0 _939100
_aEnvironmental movement.
942 _2ddc
_cPER